| 000 | 00656nam a2200289Ia 4500 | ||
|---|---|---|---|
| 008 | 210210b2010 xxu||||| |||| 00| 0 eng d | ||
| 020 | _a9781408802885 | ||
| 041 | _aeng | ||
| 082 | _a572 ROBI | ||
| 100 | _aROBERTS (Alice) | ||
| 245 | _aIncredible human journey: the story of how we colonised the planet | ||
| 260 |
_aLondon _bBloomsbury _c2010 |
||
| 300 | _a376 | ||
| 650 | _awe | ||
| 650 | _athe | ||
| 650 | _astory | ||
| 650 | _aplanet | ||
| 650 | _aof | ||
| 650 | _ajourney: | ||
| 650 | _ajourney | ||
| 650 | _aIncredible | ||
| 650 | _ahuman | ||
| 650 | _ahow | ||
| 650 | _acolonised | ||
| 690 | _aEvolution | ||
| 906 | _a065070 | ||
| 999 |
_c142794 _d142794 |
||